000 00337cam a2200133ua 4500
020 _a0 7069 2810 5
082 _a631.587
_bMIC/IR
100 _aMichael, A.M.
_9114
245 _aIrrigation : Theory and Practice /
250 _a1 /
260 _aPune :
_bVikas Publishing House Pvt Ltd ,
_c1985.
300 _a801 ; .
942 _cBK
999 _c13593
_d13593